000 00618nam a2200193Ii 4500
003 JO-AjNU
008 230605s9999||||xx |||||||||||||| ||und||
040 _aJO-AjNU
_bara
_erda
_cJO-AjNU
041 _aara
050 1 4 _aHA29.H3
100 3 _aالهانسي،مختار محمود,
_eauthor
_915798
245 0 0 _aمقدمة طرق الاحصاء الاجتماعي
264 3 1 _aالاسكندرية:مؤسسة شباب الجامعة
300 _a414ص
336 _atext
_btxt
_2rdacontent
337 _aunmediated
_bn
_2rdamedia
338 _avolume
_bnc
_2rdacarrier
650 4 _aاحصاء اجتماعي
_915799
999 _aA4545
_c8113
_d8113